Human nature and the French Revolution : from the Enlightenment to the Napoleonic Code

Αποθηκεύτηκε σε:
Λεπτομέρειες βιβλιογραφικής εγγραφής
Κύριος συγγραφέας: Martin, Xavier
Άλλοι συγγραφείς: Corcoran, Patrick (Μεταφραστής)
Μορφή: Βιβλίο
Γλώσσα:English
French
Δημοσίευση: New York : Berghahn Books, 2001.
Σειρά:Polygons ; 3
Θέματα:
Ετικέτες: Προσθήκη ετικέτας
Δεν υπάρχουν, Καταχωρήστε ετικέτα πρώτοι!

MARC

LEADER 00000cam a2200000 i 4500
001 1/89704
008 080625s2001 nyu| ||| |||| ||eng||
020 |a 9781571814159 
020 |a 1571814159 
035 |l 10098437 
040 |a GR-MyUA  |b gre  |e AACR2 
041 1 |a eng  |h fre 
082 0 |a 128.094409033  |2 (22) 
100 1 |a Martin, Xavier. 
245 1 0 |a Human nature and the French Revolution :   |b from the Enlightenment to the Napoleonic Code /   |c Xavier Martin ; translated from the French by Patrick Corcoran.  
260 |a New York :   |b Berghahn Books,   |c 2001.  
300 |a viii, 292 σ. ;   |c 21 εκ.  
490 1 |a (Polygons   |v ; 3)  
500 |a Τίτλος πρωτοτύπου: Nature humaine et Revolution francaise.  
504 |a Βιβλιογραφία: σ. 277-283.  
504 |a Ευρετήριο: σ. 285-292.  
650 0 0 |a Philosophical anthropology  |z France  |x History  |y 18th century. 
650 0 0 |a Enlightenment  |z France. 
651 0 |a France  |x History  |y Revolution, 1789-1799. 
700 1 |a Corcoran, Patrick,  |e trl 
830 0 |a Polygons ;  |v  3 
852 |a INST  |b LESVOS  |e 20080625  |h 128.094409033 MAR  |p 005100042240  |q 005100042240  |t BK  |y 0 
901 |a BIBL1-2008-2 
909 |a Λ  |b 143384 
922 |a 1ΕΛΗ  |b 200712  |c ΕΠΕΑΕΚ2/ΤΚΑ  |d ΕΛΕΥΘΕΡΟΥΔΑΚΗΣ 
970 |a ΓΙΑΛΑΜΑ  |b ΜΑΡΙΑ  |z 2008/06/25